| 000 | 00785nam a22002057a 4500 | ||
|---|---|---|---|
| 005 | 20180212144819.0 | ||
| 010 | _a1718EN-30 | ||
| 020 |
_a9789332541108 _c370.00 |
||
| 035 | _aB-684221-225 | ||
| 037 |
_bBSB _adpl |
||
| 082 | _a940 | ||
| 245 |
_aRevisiting modern European history: 1789-1945 / _cedited by Vandana Joshi |
||
| 260 |
_aNoida _bPearson _c2017 |
||
| 270 |
_a15th Floor, Tower-B, World Trade Tower, Plot No.1, Block-C, Sector-16 _bNoida _e201301 |
||
| 300 | v |
_axxvi,350p. _c21cm(pbk) |
|
| 500 | _aIncludes index | ||
| 700 | _aJoshi, Vandana | ||
| 942 |
_2ddc _cEN _mREV _h940 |
||
| 999 |
_c145701 _d145701 |
||